Super grammar / (Record no. 3936)
[ view plain ]
| 000 -LEADER | |
|---|---|
| fixed length control field | 00896nam a22002537a 4500 |
| 001 - CONTROL NUMBER | |
| control field | 3936 |
| 003 - CONTROL NUMBER IDENTIFIER | |
| control field | FISKH |
| 005 - DATE AND TIME OF LATEST TRANSACTION | |
| control field | 20240524141822.0 |
| 008 - FIXED-LENGTH DATA ELEMENTS--GENERAL INFORMATION | |
| fixed length control field | 240524b cb ||||| |||| 00| 0 eng d |
| 040 ## - CATALOGING SOURCE | |
| Original cataloging agency | FISK |
| Language of cataloging | eng |
| Transcribing agency | FISK |
| Modifying agency | FISK |
| 050 ## - LIBRARY OF CONGRESS CALL NUMBER | |
| Classification number | PE1106.P74 |
| 082 ## - DEWEY DECIMAL CLASSIFICATION NUMBER | |
| Classification number | 428 |
| 100 ## - MAIN ENTRY--PERSONAL NAME | |
| Personal name | Preciado Tony |
| Dates associated with a name | 1990- |
| 245 ## - TITLE STATEMENT | |
| Title | Super grammar / |
| Statement of responsibility, etc. | Tony Preciado |
| 260 ## - PUBLICATION, DISTRIBUTION, ETC. | |
| Place of publication, distribution, etc. | New York : |
| Name of publisher, distributor, etc. | Scholastic , |
| Date of publication, distribution, etc. | 2012 |
| 300 ## - PHYSICAL DESCRIPTION | |
| Extent | 176 pages : |
| Other physical details | color illustrations ; |
| Dimensions | 24 cm |
| 505 ## - FORMATTED CONTENTS NOTE | |
| Formatted contents note | Q<br/> |
| 520 ## - SUMMARY, ETC. | |
| Summary, etc. | Personifies all the major elements of grammar with superhero or supervillain identities, explaining the "powers" of each part of speech while revealing important rules using colorful, memory-bolstering characterizations and comic book-style illustrations.<br/> |
| 521 8# - TARGET AUDIENCE NOTE | |
| Target audience note | 900<br/> |
| Source | Lexile<br/> |
| 521 8# - TARGET AUDIENCE NOTE | |
| Target audience note | Q<br/> |
| Source | Raz-Plus<br/> |
| 700 ## - ADDED ENTRY--PERSONAL NAME | |
| Personal name | Tony Preciado |
| 942 ## - ADDED ENTRY ELEMENTS (KOHA) | |
| Source of classification or shelving scheme | Dewey Decimal Classification |
| Koha item type | Books |
| Suppress in OPAC | No |
| Withdrawn status | Lost status | Source of classification or shelving scheme | Damaged status | Not for loan | Collection | Home library | Current library | Shelving location | Date acquired | Total Checkouts | Full call number | Barcode | Date last seen | Copy number | Price effective from | Koha item type |
|---|---|---|---|---|---|---|---|---|---|---|---|---|---|---|---|---|
| Dewey Decimal Classification | Non-Fiction | Footprints International School Library Network Toul Kork Campus | Footprints International School Library Network Toul Kork Campus | TTP Secondary Non-Fiction Bookshelves | 05/24/2024 | PRE PE1106.P74 428 | 2024-0699 | 05/24/2024 | 1 | 05/24/2024 | Books |
